[Event "Chennai GM Open 2013"]
[Site "Chennai IND"]
[Date "2013.11.16"]
[Round "2.11"]
[White "Kuderinov,K"]
[Black "Aravindh,Chithambaram VR."]
[Result "0-1"]
[WhiteElo "2478"]
[BlackElo "2335"]

1.e4 c5 2.Nf3 Nc6 3.Bb5 e6 4.O-O Nge7 5.Re1 a6 6.Bf1 d5 7.exd5 Nxd5 8.d4 Be7
9.c4 Nf6 10.dxc5 Qxd1 11.Rxd1 Bxc5 12.Nc3 O-O 13.h3 e5 14.Bg5 Be6 15.Nd5 Ne4
16.Be3 Bxe3 17.fxe3 Rac8 18.Bd3 Nc5 19.Ng5 Nxd3 20.Rxd3 Bxd5 21.cxd5 Nb4
22.Rb3 Nxd5 23.Rd1 Nf6 24.Rxb7 Rb8 25.Rxb8 Rxb8 26.b3 e4 27.Rd4 Re8 28.h4 h6
29.Nh3 Rc8 30.Nf2 Rc1+ 31.Kh2 Rc2 32.Nxe4 Ng4+ 33.Kg3 Nxe3 34.Ra4 Nf5+ 35.Kh3 Re2
36.h5 Ne3 37.g4 Nf1 38.g5 hxg5 39.Nxg5 Rh2+ 40.Kg4 Rg2+ 41.Kh4 Ne3 42.Ra5 f5
43.Nf3 f4 44.Nd4 Rg3 45.h6 Ng2+  0-1

[Event "TCh-AUT 2nd Mitte 2013-14"]
[Site "Gleisdorf AUT"]
[Date "2013.11.16"]
[Round "4.6"]
[White "Sandner,W"]
[Black "Ebner,H"]
[Result "0-1"]
[WhiteElo "2217"]
[BlackElo "2208"]

1.e4 c5 2.Nf3 Nc6 3.Bb5 g6 4.c3 e5 5.d3 Bg7 6.Be3 Qe7 7.O-O Nf6 8.Qc1 O-O
9.Bg5 d6 10.h3 Be6 11.Na3 Rac8 12.Nh2 Qc7 13.f4 exf4 14.Qxf4 Nd7 15.Bc4 Bxc4
16.Nxc4 f6 17.Qg4 fxg5 18.Qe6+ Kh8 19.Nxd6 Nf6 20.Nxc8 Qxc8 21.Qd6 b6 22.Qg3 h6
23.h4 Nh5 24.Qd6 Nf4 25.hxg5 Be5  0-1

[Event "TCh-AUT 2nd Mitte 2013-14"]
[Site "Grieskirchen AUT"]
[Date "2013.11.16"]
[Round "4.2"]
[White "Schwabeneder,Florian"]
[Black "Halvax,G"]
[Result "1-0"]
[WhiteElo "2327"]
[BlackElo "2326"]

1.e4 c5 2.Nf3 Nc6 3.Bb5 g6 4.O-O Bg7 5.Re1 Nf6 6.c3 O-O 7.d4 cxd4 8.cxd4 d5
9.e5 Ne4 10.Nc3 Bf5 11.Be3 Nxc3 12.bxc3 Na5 13.Qd2 Rc8 14.Bh6 Nc4 15.Bxc4 Rxc4
16.Bxg7 Kxg7 17.Re3 Qc7 18.Nh4 Qd7 19.Nxf5+ Qxf5 20.Rf3 Qe6 21.Rh3 h5 22.Rf1 Rfc8
23.f4 Qf5 24.Rg3 f6 25.Re3 R8c7 26.Qe1 b5 27.exf6+ exf6 28.Re7+ Kh6 29.Rxc7 Rxc7
30.Qe8 a6 31.Qh8+ Rh7 32.Qf8+ Rg7 33.Qh8+ Rh7 34.Qf8+ Rg7 35.Qd6 Qe4 36.Qxf6 Qe3+
37.Kh1 Qd3 38.Rg1 Qxc3 39.Qg5+ Kh7 40.Qxd5 Qd3 41.h3 a5 42.Re1 b4 43.Qxa5 Qxd4
44.f5 g5 45.Qa8 g4 46.Qe8 Kh6 47.h4  1-0

[Event "4th Brno Open 2013"]
[Site "Brno CZE"]
[Date "2013.11.17"]
[Round "2.19"]
[White "Oglaza,Oskar"]
[Black "Chan,Na"]
[Result "0-1"]
[WhiteElo "1572"]
[BlackElo "1848"]

1.e4 c5 2.Nf3 Nc6 3.Bb5 d6 4.d4 cxd4 5.Nxd4 Bd7 6.Be3 Nf6 7.Nc3 g6 8.Qd2 Bg7
9.f3 a6 10.Ba4 O-O 11.g4 Ne5 12.Bb3 b5 13.h4 Nxf3+ 14.Nxf3 Bxg4 15.Qg2 Bh5
16.a3 a5 17.Ke2 b4 18.Nd5 Nxe4 19.Bb6 Qd7 20.axb4 axb4 21.Rxa8 Rxa8 22.Nc7 Rb8
23.Nd5 e6 24.Bc7 Rb7 25.Ra1 exd5 26.Ra8+ Bf8 27.Ba5 Ra7 28.Ba4 Qxa4 29.Rxa7 Qxc2+
30.Kf1 Qd3+ 31.Kg1 Bxf3 32.Qf1 Qe3+ 33.Kh2 Qxa7  0-1

[Event "IX Chervonograd Cup A 2013"]
[Site "Chervonograd UKR"]
[Date "2013.11.17"]
[Round "11.6"]
[White "Naboka,S"]
[Black "Kagramanianz,V"]
[Result "1/2-1/2"]
[WhiteElo "2299"]
[BlackElo "2226"]

1.e4 c5 2.Nf3 Nc6 3.Bb5 e6 4.Bxc6 bxc6 5.d3 d5 6.c4 Nf6 7.Nc3 Be7 8.O-O O-O
9.Qe2 a5 10.b3 d4 11.Na4 Nd7 12.e5 Nb6 13.Ba3 Nd7 14.Rae1 Ba6 15.Nd2 Bb5
16.f4 Bxa4 17.bxa4 Qc7 18.Nb3 Rfe8 19.f5 exf5 20.e6 Nf6 21.exf7+ Kxf7 22.Qe6+ Kf8
23.Nxc5 Qc8 24.Qxc8 Raxc8 25.Rxf5 Kf7 26.Ref1 Rb8 27.Bc1 Rb4 28.Nb3 Rxa4
29.Nxd4 c5 30.Nc6 Rxa2 31.Bg5 a4 32.h4 a3 33.h5 Rg8 34.Nxe7 Kxe7 35.h6 Kd7
36.Rxc5 gxh6 37.Rxf6 Rxg5 38.Rxg5 hxg5 39.Ra6 h5 40.Kh2 Ra1 41.d4 Rd1  1/2-1/2

[Event "2nd Crimea Autumn 2013"]
[Site "Simferopol UKR"]
[Date "2013.11.18"]
[Round "8"]
[White "Sanduleac,V"]
[Black "Shtyrenkov,V"]
[Result "1-0"]
[WhiteElo "2427"]
[BlackElo "2337"]

1.e4 c5 2.Nf3 Nc6 3.Bb5 g6 4.Bxc6 dxc6 5.d3 Bg7 6.h3 Nf6 7.Nc3 Nd7 8.Be3 e5
9.Qd2 h6 10.O-O Qe7 11.a3 Nf8 12.Na4 b6 13.b4 Ne6 14.bxc5 b5 15.Nb2 g5 16.d4 exd4
17.Nxd4 Nxd4 18.Bxd4 f6 19.Rfe1 Be6 20.a4 a6 21.axb5 cxb5 22.Nd3 O-O 23.Nb4 Qd7
24.Bc3 Qxd2 25.Bxd2 a5 26.Nd5 a4 27.Nc7 Bc4 28.Nxa8 Rxa8 29.Bb4 Rc8 30.Rad1 Bf8
31.e5 Bxc5 32.Bxc5 Rxc5 33.exf6 Rc8 34.Rd7 a3 35.Ra7 a2 36.Ree7 Kf8 37.Kh2 Bd5
38.Rh7  1-0

[Event "4th Brno Open 2013"]
[Site "Brno CZE"]
[Date "2013.11.19"]
[Round "5.16"]
[White "Stary,Vladimir"]
[Black "Lintner,Felix"]
[Result "1/2-1/2"]
[WhiteElo "1794"]
[BlackElo "1943"]

1.e4 c5 2.Nf3 Nc6 3.Bb5 Qb6 4.Nc3 e6 5.O-O Nd4 6.Bc4 Ne7 7.Re1 a6 8.a4 g6
9.d3 Bg7 10.e5 O-O 11.a5 Qc7 12.Bg5 Nxf3+ 13.Qxf3 Nc6 14.Bf6 d5 15.exd6 Qxd6
16.Bxg7 Kxg7 17.Ne4 Qc7 18.Qf6+ Kg8 19.Ng3 Qd8 20.Qf4 Kg7 21.Ne4 e5 22.Qe3 Nxa5
23.Qxc5 Nxc4 24.Qxc4 Be6 25.Qc3 f6 26.Nc5 Bd5 27.Ne4 Rc8 28.Qd2 Qb6 29.c3 Rfd8
30.Re3 Qc6 31.Qe2 b5 32.f3 Rd7 33.Rd1 f5 34.Nf2 Bb3 35.Rd2 e4 36.fxe4 fxe4
37.Rxe4 Rf7 38.Ng4 Rcf8 39.Qe1 Qb6+ 40.Rd4 Rf5 41.Rf2 Rxf2 42.Nxf2 Qe6 43.Re4 Qb6
44.d4 Qf6 45.Ng4 Qf5 46.Re7+ Rf7 47.Rxf7+ Bxf7 48.Qe5+ Qxe5 49.Nxe5 Bd5 50.Kf2 Kf6
51.g3 Kf5 52.Ke3 h5 53.b4 Kg5 54.h3 Kf5 55.Nd3 g5 56.Nc5 Bg2 57.Nxa6 Bxh3
58.Nc7 Bf1 59.Nd5 Bc4 60.Nb6 Bf1 61.Nd7 h4 62.gxh4 gxh4 63.Kf2 Bc4 64.Kg1 Ke4
65.Ne5 Be6 66.Kh2 Ke3 67.Ng6 h3 68.Kg3 Kd2 69.Nf4 Bd7 70.Nxh3 Kxc3 71.d5 Kxb4
72.Nf4 Kc5 73.Kf3 Kd4 74.Ne2+ Kxd5 75.Nc3+  1/2-1/2

[Event "Piestany Open 2013"]
[Site "Piestany SVK"]
[Date "2013.11.19"]
[Round "2.17"]
[White "Goga,F"]
[Black "Feranec,M"]
[Result "1-0"]
[WhiteElo "1885"]
[BlackElo "1724"]

1.e4 c5 2.Nf3 Nc6 3.Bb5 a6 4.Bxc6 bxc6 5.O-O d6 6.h3 Nf6 7.Re1 e5 8.d3 Be7
9.Be3 Bd7 10.Nbd2 Rb8 11.b3 O-O 12.Nc4 Ne8 13.Qd2 Kh8 14.a4 Rb4 15.a5 Be6
16.Nb6 Rb5 17.Qd1 f5 18.c4 Rxb6 19.axb6 f4 20.Bd2 Qxb6 21.Ba5 Qb7 22.Kf1 Qc8
23.Ke2 g5 24.Rh1 Rg8 25.Qg1 Bf6 26.Qh2 Rg6 27.g4 Rh6 28.Qg2 Qb8 29.Rab1 d5
30.Nd2 Qc8 31.f3 Qd7 32.Qg1 Be7 33.Bc3 d4 34.Ba5 Qb7 35.Qc1 Nf6 36.Qa3 Rg6
37.b4 Qa7 38.bxc5 Bxc5 39.Qb3 Rg8 40.Bb6 Qe7 41.Bxc5 Qxc5 42.Qb4 Nd7 43.Qxc5 Nxc5
44.Rb6 Bd7 45.Ra1 Ra8 46.Nb3 Nxb3 47.Rxb3 h5 48.Ra5 hxg4 49.hxg4  1-0

[Event "ch-PAR 2013"]
[Site "Asuncion URU"]
[Date "2013.11.22"]
[Round "5.3"]
[White "Valiente,C"]
[Black "Figari,E"]
[Result "1-0"]
[WhiteElo "2225"]
[BlackElo "2037"]

1.e4 c5 2.Nf3 Nc6 3.Bb5 Qb6 4.a4 a6 5.Bc4 e6 6.O-O d6 7.c3 Nf6 8.Re1 Be7
9.d3 O-O 10.Nbd2 Qc7 11.Nf1 Rb8 12.Ng3 b5 13.Bb3 Bb7 14.Bf4 Ne5 15.axb5 axb5
16.d4 Ng6 17.Bd2 c4 18.Bc2 Ra8 19.Qe2 Rxa1 20.Rxa1 Ra8 21.Rxa8+ Bxa8 22.h3 Qb7
23.Bc1 Nd7 24.Bg5 Ndf8 25.Bxe7 Qxe7 26.Qe3 h6 27.Kh2 Qa7 28.Qc1 e5 29.Nf5 d5
30.Qe3 dxe4 31.Bxe4 Bxe4 32.Qxe4 exd4 33.N3xd4 b4 34.g3 bxc3 35.bxc3 Qa2
36.Kg2 Qa5 37.h4 Ne5 38.Ne7+ Kh8 39.Nec6 Nxc6 40.Nxc6 Qa8 41.Qxc4 Ne6 42.Kh2 Qb7
43.Nd4 Qb6 44.Kg2 Nd8 45.Qd5 Kg8 46.c4 g6 47.c5 Qc7 48.c6 Kf8 49.Qc5+ Ke8
50.Kg1 f6 51.h5 g5 52.Qd5 Nf7 53.Nf5 Qd8 54.Ng7+ Ke7 55.Qc5+ Nd6 56.c7 Qd7
57.Nf5+  1-0

[Event "XXVII Belgrade Trophy"]
[Site "Obrenovac SRB"]
[Date "2013.11.24"]
[Round "1.39"]
[White "Nesovanovic,M"]
[Black "Sorgic,D"]
[Result "1-0"]
[WhiteElo "1894"]
[BlackElo "2274"]

1.e4 c5 2.Nf3 Nc6 3.Bb5 d6 4.O-O Bd7 5.Nc3 e5 6.Re1 a6 7.Be2 Nf6 8.d3 Be7
9.Bg5 O-O 10.Bxf6 Bxf6 11.Nd5 Be6 12.Nxf6+ Qxf6 13.c3 d5 14.Qc2 Rfd8 15.Rad1 Rac8
16.b3 b5 17.Qc1 h6 18.Rd2 b4 19.c4 dxc4 20.dxc4 Bg4 21.Rd5 Bxf3 22.Bxf3 Ne7
23.Rxd8+ Rxd8 24.Rd1 Rd4 25.Rxd4 exd4 26.Qd1 Nc6 27.g3 d3 28.e5 Nxe5 29.Bd5 g5
30.h3 Qf5 31.Kg2 Kg7 32.Qd2 h5 33.f3 h4 34.Be4 Qf6 35.f4 gxf4 36.gxf4 Ng6
37.Kf3 Qa1 38.Qxd3 Qh1+ 39.Kg4 Qg1+ 40.Kf5 Qf2 41.Qf3 Ne7+ 42.Kg4 f5+ 43.Kh5 Qd4
44.Ba8 Kf7 45.Kxh4 Qg7 46.Qb7 Qg1 47.Qc7 Qe1+ 48.Kh5 Kf8 49.Qd6 Qe2+ 50.Kg5 Qe3
51.Kf6 Qc3+ 52.Ke6 Qe3+ 53.Qe5  1-0

[Event "XXVII Belgrade Trophy"]
[Site "Obrenovac SRB"]
[Date "2013.11.24"]
[Round "1.1"]
[White "Firat,B"]
[Black "Dizdarevic,B"]
[Result "1-0"]
[WhiteElo "2435"]
[BlackElo "2009"]

1.e4 c5 2.Nf3 Nc6 3.Bb5 g6 4.Bxc6 dxc6 5.d3 Bg7 6.h3 Nf6 7.Nc3 Nd7 8.Be3 e5
9.Qd2 h6 10.O-O Qe7 11.Nh2 Nf8 12.f4 exf4 13.Bxf4 Ne6 14.Bg3 O-O 15.e5 Nd4
16.Rae1 Bf5 17.Bf4 g5 18.Bg3 Rad8 19.Ne4 Bxe4 20.Rxe4 Qe6 21.Ng4 Nf5 22.Bf2 c4
23.d4 h5 24.Nh2 Qg6 25.Qe2 Rfe8 26.Re1 b5 27.g4 hxg4 28.Rxg4 f6 29.h4 Qh5
30.Qe4 Nd6 31.Qxc6 fxe5 32.dxe5 Nf7 33.e6 Nd6 34.e7  1-0

[Event "2nd Hyderabad GM Open 2013"]
[Site "Hyderabad IND"]
[Date "2013.11.25"]
[Round "1.12"]
[White "Raghavi,N"]
[Black "Greenfeld,A"]
[Result "0-1"]
[WhiteElo "2227"]
[BlackElo "2545"]

1.e4 c5 2.Nf3 Nc6 3.Bb5 e6 4.Bxc6 bxc6 5.b3 Ne7 6.Bb2 d6 7.e5 dxe5 8.Nxe5 f6
9.Nc4 e5 10.O-O Ng6 11.Qh5 Be7 12.Nc3 O-O 13.Ne2 Be6 14.d3 Qd7 15.Ne3 Nf4
16.Qf3 g5 17.Rae1 Rf7 18.Nc3 h5 19.h4 gxh4 20.g3 Nh3+ 21.Kh2 Ng5 22.Qe2 Bd5
23.Ncxd5 cxd5 24.Rh1 e4 25.Kg2 h3+ 26.Kf1 d4 27.Nc4 Qg4 28.dxe4 Nf3 29.Rd1 f5
30.e5 f4  0-1

[Event "2nd Hyderabad GM Open 2013"]
[Site "Hyderabad IND"]
[Date "2013.11.25"]
[Round "2.5"]
[White "Ter Sahakyan,S"]
[Black "Aravindh,Chithambaram VR."]
[Result "1/2-1/2"]
[WhiteElo "2568"]
[BlackElo "2335"]

1.e4 c5 2.Nf3 Nc6 3.Bb5 e6 4.O-O Nge7 5.c3 a6 6.Ba4 b5 7.Bc2 d5 8.a4 Bb7
9.Re1 g6 10.axb5 axb5 11.Rxa8 Bxa8 12.d4 cxd4 13.Nxd4 Bg7 14.Nxb5 O-O 15.N1a3 Qb8
16.Bg5 h6 17.Bh4 Qb6 18.Bg3 d4 19.cxd4 Nxd4 20.Nxd4 Bxd4 21.Nc4 Qc5 22.Bd3 Rd8
23.Qc1 Nc6 24.Bf1 Kg7 25.Qd2 e5 26.Rc1 Qe7 27.Kh1 h5 28.h4 Rb8 29.Rd1 Bb7
30.Qe1 Ra8 31.f3 Ba6 32.Ra1 Qb7 33.Nd6 Qb6 34.Bxa6 Rxa6 35.Rxa6 Qxa6 36.Ne8+ Kf8
37.Nf6 Kg7 38.Ne8+ Kf8 39.Nf6 Kg7 40.Nd5 Bxb2 41.Bf2 Qa1 42.Kh2 Qxe1 43.Bxe1 f5
44.Kh3 Kf7 45.Nb4 Nxb4 46.Bxb4 Ke6 47.g3 Bd4 48.Kg2 fxe4 49.fxe4 Kd7 50.Kf3 Kc6
51.Be7 Kb5 52.Bd6 Kc4 53.Be7 Kd3 54.Bd6 Bc3 55.Bc7 Bb2 56.Bd6 Bd4 57.Bc7 Kd2
58.Bd6 Kd3  1/2-1/2

[Event "XXVII Belgrade Trophy"]
[Site "Obrenovac SRB"]
[Date "2013.11.26"]
[Round "3.8"]
[White "Mladenovic,St"]
[Black "Stanojoski,Z"]
[Result "0-1"]
[WhiteElo "2274"]
[BlackElo "2417"]

1.e4 c5 2.Nf3 Nc6 3.Bb5 g6 4.O-O Bg7 5.c3 e5 6.d3 Nge7 7.Be3 d6 8.d4 exd4
9.cxd4 O-O 10.Nc3 Qb6 11.dxc5 dxc5 12.Bxc6 Qxc6 13.Nd5 Nxd5 14.exd5 Qb5 15.Qb3 Qxb3
16.axb3 b6 17.b4 cxb4 18.Bxb6 Bb7 19.Bxa7 Bxb2 20.Rab1 Ba6 21.Rfd1 Be2 22.Rd2 Bxf3
23.Rbxb2 Bxd5 24.Rxd5 Rxa7 25.h4 Rb8 26.Rd4 b3 27.Rd3 Rab7 28.g3 Kg7 29.Kg2 Rb4
30.Re3 h6 31.f3 Kf6 32.Kh3 Kf5 33.Kg2 h5 34.Kh3 f6 35.f4 R8b6 36.Kg2 Kg4
37.Rd3 f5 38.Rc3 R4b5 39.Rd3 Rc5 40.Rf3 Rc2+ 41.Rf2 Rc3  0-1

[Event "2nd Hyderabad GM Open 2013"]
[Site "Hyderabad IND"]
[Date "2013.11.27"]
[Round "4.11"]
[White "Girinath,P"]
[Black "Babujian,L"]
[Result "0-1"]
[WhiteElo "2323"]
[BlackElo "2510"]

1.e4 c5 2.Nf3 Nc6 3.Bb5 g6 4.O-O Bg7 5.c3 e5 6.d4 cxd4 7.cxd4 Nxd4 8.Nxd4 exd4
9.Bf4 Ne7 10.Na3 O-O 11.Bd6 Re8 12.Bc4 Nc6 13.Nb5 Qf6 14.Nc7 Rd8 15.Bg3 d5
16.Nxd5 Qg5 17.f4 Qg4 18.Be2 Qe6 19.Bd3 f5 20.Nc7 Qe7 21.Nxa8 fxe4 22.Bc4+ Kh8
23.f5 Bxf5 24.Nc7 Ne5 25.Nd5 Qc5 26.Bb3 Nd3 27.Nf4 Nxf4 28.Rc1 Qxc1  0-1

[Event "XXVII Belgrade Trophy"]
[Site "Obrenovac SRB"]
[Date "2013.11.29"]
[Round "6.40"]
[White "Ristic,SB"]
[Black "Stavnjak,L"]
[Result "0-1"]
[WhiteElo "2045"]
[BlackElo "2257"]

1.e4 c5 2.Nf3 Nc6 3.Bb5 d6 4.c3 a6 5.Ba4 b5 6.Bc2 Bg4 7.h3 Bxf3 8.Qxf3 Rc8
9.O-O Nf6 10.Re1 g6 11.Qe2 Bg7 12.a4 Qb6 13.axb5 axb5 14.Na3 Rb8 15.d3 O-O
16.Be3 Nd7 17.Qd2 Qb7 18.Bh6 b4 19.Nc4 b3 20.Bd1 Ra8 21.Rb1 Nde5 22.Nxe5 dxe5
23.Bxg7 Kxg7 24.Qe3 Qb6 25.h4 h6 26.Kh1 Rad8 27.Ra1 Ra8 28.Be2 Ra2 29.Rab1 Nd8
30.Qg3 Qd6 31.Bd1 Qe6 32.Bg4 Qd6 33.Bd1 Qe6 34.Bg4 Qd6 35.Bd1 Qb8 36.d4 Nc6
37.dxe5 Qxe5 38.f4 Qb8 39.e5 e6 40.h5 Ra6 41.Bg4 Ne7 42.Rbd1 Ra7 43.c4 Kh7
44.Rd3 Rg8 45.Qf3 Nf5 46.hxg6+ Rxg6 47.Bxf5 exf5 48.Qh5 Qb7 49.Re2 Qc8 50.Rxb3 Qd7
51.Rf2 Qd4 52.Rbf3 Ra8 53.Kh2 Qe4 54.Rg3 Qe1  0-1

[Event "TCh-AUT 2nd West 2013-14"]
[Site "Austria AUT"]
[Date "2013.11.30"]
[Round "4.1"]
[White "Breder,D"]
[Black "Lanka,Z"]
[Result "1/2-1/2"]
[WhiteElo "2465"]
[BlackElo "2440"]

1.e4 c5 2.Nf3 Nc6 3.Bb5 g6 4.O-O Bg7 5.c3 Nf6 6.Re1 O-O 7.d4 cxd4 8.cxd4 d5
9.e5 Ne4 10.Bxc6 bxc6 11.Nbd2 Bf5 12.Nh4 Be6 13.Nb3 g5 14.Nf3 f6 15.Nxg5 fxg5
16.f3 h6 17.fxe4 dxe4 18.Nc5 Bf5 19.Be3 Qd5 20.b3 Rf7 21.Rc1 e6 22.Rc4 Bf8
23.Qc2 Rc8 24.Rc1 Bg6 25.b4 a5 26.bxa5 Ra7 27.Qa4 Rca8 28.Nb3 Be7 29.Rc5 Bxc5
30.Rxc5 Qd8  1/2-1/2

[Event "TCh-CZE Extraliga 2013-14"]
[Site "Pardubice CZE"]
[Date "2013.11.30"]
[Round "3.8"]
[White "Suran,J"]
[Black "Vesely,T"]
[Result "1/2-1/2"]
[WhiteElo "2355"]
[BlackElo "2092"]

1.e4 c5 2.Nf3 Nc6 3.Bb5 g6 4.O-O Bg7 5.c3 Nf6 6.Re1 O-O 7.e5 Nd5 8.d4 cxd4
9.cxd4 Nc7 10.Nc3 Nxb5 11.Nxb5 a6 12.Nc3 d5 13.exd6 Qxd6 14.d5 Nb4 15.Bg5 e6
16.dxe6 Qxd1 17.Raxd1 Bxe6 18.Be7 Nxa2 19.Bxf8 Rxf8 20.Nd4 Bc4 21.Nxa2 Bxa2
22.b3 Bxd4 23.Rxd4 Bxb3 24.Rd7 b5 25.Ra7 Bc4 26.Rxa6 h5 27.Rb6 Kg7 28.h4 Rd8
29.Kh2 Rd4 30.g3 Rd2 31.Kg1 Kf8 32.Rb8+ Kg7 33.Rb6 Kf8 34.Kg2 Bd5+ 35.Kf1 Bc4+
36.Kg1 Kg7 37.f3 Rb2 38.Re5 Rd2 39.f4 Rd1+ 40.Kf2 Rd2+ 41.Kf3 Rd3+ 42.Re3 Rd2
43.Ra3 Rd1 44.Ke4 Re1+ 45.Re3 Rf1 46.Kd4 Rd1+ 47.Kc5 Rf1 48.Kb4 Rb1+ 49.Kc3 Rf1
50.Rd6 Be6 51.Rb6 Bc4 52.Kd2 Rf2+ 53.Kc3 Rf1  1/2-1/2

[Event "TCh-CZE Extraliga 2013-14"]
[Site "Poruba CZE"]
[Date "2013.11.30"]
[Round "3.5"]
[White "Klima,L"]
[Black "Markos,J"]
[Result "0-1"]
[WhiteElo "2342"]
[BlackElo "2589"]

1.e4 c5 2.Nf3 Nc6 3.Bb5 d6 4.O-O Bd7 5.Re1 Nf6 6.c3 a6 7.Bxc6 Bxc6 8.d4 Bxe4
9.Bg5 Bd5 10.c4 Bxf3 11.Qxf3 cxd4 12.Bxf6 gxf6 13.Qxf6 Rg8 14.Qxd4 Bg7 15.Qd2 Rc8
16.Nc3 Rxc4 17.Qd5 Qc7 18.Ne4 Be5 19.Rad1 Kf8 20.Ng3 e6 21.Qd2 Rg6 22.Rc1 Qc6
23.Rxc4 Qxc4 24.Rc1 Qg4 25.Qd3 h5 26.Rc4 Qg5 27.h4 Qh6 28.Qf3 Rg4 29.Rxg4 hxg4
30.Qxg4 Qc1+ 31.Kh2 Qxb2 32.f4 Bd4 33.Ne2 Bf6 34.f5 Be5+ 35.Kh3 exf5 36.Qc4 Qa3+
37.g3 Qf3 38.Kh2 b5 39.Qc2 Kg7 40.Qd2 Qf2+ 41.Kh3 Qf3 42.Kh2 Kh7  0-1

[Event "2nd Hyderabad GM Open 2013"]
[Site "Hyderabad IND"]
[Date "2013.12.01"]
[Round "9.3"]
[White "Mozharov,M"]
[Black "Vidit,S"]
[Result "0-1"]
[WhiteElo "2508"]
[BlackElo "2582"]

1.e4 c5 2.Nf3 Nc6 3.Bb5 e6 4.O-O Nge7 5.Re1 a6 6.Bf1 d5 7.exd5 Nxd5 8.d4 Nf6
9.Be3 cxd4 10.Nxd4 Bd7 11.c4 Be7 12.Nc3 O-O 13.h3 Rc8 14.Nf3 Qc7 15.Rc1 Rfd8
16.a3 Be8 17.Qc2 Nd7 18.Na4 b6 19.b4 Qb8 20.c5 b5 21.Nc3 Nde5 22.Nxe5 Nxe5
23.Rcd1 Bc6 24.Qc1 Ng6 25.Rxd8+ Bxd8 26.Qc2 Qb7 27.f3 Bc7 28.Ne4 Rd8 29.Bf2 h6
30.Nc3 Bb8 31.Bd3 Ne5 32.Be4 Bxe4 33.Nxe4 Nc4 34.Rd1 Rd5 35.Rxd5 Qxd5 36.Nc3 Qe5
37.Qd3 Nxa3 38.Qd8+ Kh7 39.Qd3+ f5 40.g3 Nc4 41.Kg2 Qc7 42.Ne2 Ne5 43.Qc3 Nc6
44.Nd4 Qe5 45.f4 Qe4+ 46.Kh2 Ne7 47.Qe3 e5 48.fxe5 Bxe5 49.Ne6 Qxe3 50.Bxe3 Nc6
51.Bd2 Kg8 52.Kg2 g5 53.h4 Kf7  0-1

[Event "XXVII Belgrade Trophy"]
[Site "Obrenovac SRB"]
[Date "2013.12.01"]
[Round "8.22"]
[White "Stamatovic,A"]
[Black "Cvetanovic,U"]
[Result "1-0"]
[WhiteElo "2156"]
[BlackElo "2302"]

1.e4 c5 2.Nf3 Nc6 3.Bb5 g6 4.O-O Bg7 5.c3 Qb6 6.Na3 Nf6 7.Re1 O-O 8.d4 cxd4
9.cxd4 d5 10.Bxc6 bxc6 11.exd5 cxd5 12.h3 Ne4 13.Nc4 dxc4 14.Rxe4 Re8 15.Ne5 Bf5
16.Rf4 Rac8 17.Qe2 Be6 18.Be3 Bd5 19.Rc1 Qa5 20.a3 f6 21.Nf3 h5 22.Qc2 Bf7
23.Bd2 Qb5 24.Re4 Bd5 25.Re3 Bf7 26.Rce1 Rc7 27.Bb4 e6 28.Nd2 Rd8 29.Ne4 Qd5
30.Nc3 Qc6 31.Ba5 f5 32.Bxc7 Qxc7 33.Rd1 Qc6 34.Ne2 Qd5 35.Rc1 Bh6 36.Re5 Qb7
37.Rf1 Bg7 38.Rc5 Qb6 39.Qxc4 Qxb2 40.Rc7 Qxa3 41.Rb1 a5 42.Rbb7 Rf8 43.Qxe6 Bxd4
44.Rxf7  1-0

[Event "XXVII Belgrade Trophy"]
[Site "Obrenovac SRB"]
[Date "2013.12.01"]
[Round "8.30"]
[White "Rajkovic,Mladen"]
[Black "Stavnjak,L"]
[Result "0-1"]
[WhiteElo "2073"]
[BlackElo "2257"]

1.e4 c5 2.Nf3 Nc6 3.Bb5 a6 4.Bxc6 dxc6 5.O-O Bg4 6.h3 Bh5 7.d3 e6 8.Bf4 Nf6
9.Nbd2 Be7 10.Nc4 O-O 11.a4 b5 12.Nce5 Qc8 13.g4 Bg6 14.Bg3 Nd7 15.Nxd7 Qxd7
16.Ne5 Qb7 17.b3 f6 18.Nxg6 hxg6 19.f4 f5 20.Be1 Qc7 21.Bd2 fxe4 22.dxe4 g5
23.e5 Rad8 24.Qe2 Qd7 25.Ba5 Qd4+ 26.Kh1 Rd5 27.Rad1 Qb2 28.Rxd5 cxd5 29.axb5 axb5
30.f5 c4 31.bxc4 bxc4 32.fxe6 Qb8 33.Bc3 Qb6 34.Rxf8+ Bxf8 35.Qe1 Qxe6 36.Bd4 g6
37.Qf2 Qf7 38.Qe3 Be7 39.Kg2 Qf4 40.Qxf4 gxf4 41.Kf3 g5 42.e6 Kh7 43.h4 gxh4
44.Kxf4 Kg6 45.Bf2 Bd6+ 46.Kf3 h3 47.Bh4 d4 48.Be1 Kf6 49.Bd2 Kxe6 50.Bh6 Be5
51.Bg5 Kd5 52.Bd2 Bd6 53.Bh6 Kc5 54.Bc1 Kb4 55.g5 Kc3 56.g6 Be5 57.Bf4 Bg7  0-1

[Event "XXVII Belgrade Trophy"]
[Site "Obrenovac SRB"]
[Date "2013.12.01"]
[Round "8.12"]
[White "Garic,R"]
[Black "Blesic,V"]
[Result "1/2-1/2"]
[WhiteElo "2246"]
[BlackElo "2383"]

1.e4 c5 2.Nf3 Nc6 3.Bb5 g6 4.Bxc6 bxc6 5.O-O Bg7 6.Re1 e5 7.c3 Ne7 8.d4 cxd4
9.cxd4 exd4 10.Nxd4 O-O 11.Nc3 a5 12.Bg5 h6 13.Be3 Kh7 14.Rc1 Re8 15.Qf3 Rf8
16.Red1 a4 17.Rd2 Qa5 18.Qd1 a3 19.b3 f5 20.exf5 gxf5 21.Nde2 f4 22.Nxf4 Rxf4
23.Bxf4 Bxc3 24.Qc2+ Ng6 25.Rd6 Qh5 26.Rxg6 Qxg6 27.Qxc3 Ba6 28.Rd1 d5 29.Qa5 Be2
30.Qxa8 Bxd1 31.Be5 Qe6 32.Qh8+ Kg6 33.f3 Qe7 34.h4 h5 35.Bg3 Be2 36.Qc8 Bb5
37.Qg8+ Kf5 38.Bf2 Be2 39.Bd4 Bd1 40.Qc8+ Kf4 41.Qb8+ Kf5 42.g4+ hxg4 43.Qc8+ Kg6
44.Qxg4+ Kh6 45.Qf4+ Kh5 46.Qf5+ Kh6 47.Kg2 c5 48.Be5 c4 49.Kg3 Bxb3 50.axb3 a2
51.Bf4+ Kg7 52.Be5+ Kh6 53.Bf4+ Kg7 54.Be5+  1/2-1/2

[Event "TCh-CZE Extraliga 2013-14"]
[Site "Ostrava CZE"]
[Date "2013.12.01"]
[Round "4.3"]
[White "Laznicka,V"]
[Black "Jakubiec,A"]
[Result "0-1"]
[WhiteElo "2677"]
[BlackElo "2515"]

1.e4 c5 2.Nf3 Nc6 3.Bb5 Na5 4.d4 a6 5.Bd3 cxd4 6.Nxd4 Nc6 7.Nxc6 dxc6 8.f4 e5
9.fxe5 Bc5 10.Nd2 Nh6 11.Nf3 Ng4 12.Qe2 Qc7 13.Bf4 Qb6 14.b3 h6 15.h3 Bb4+
16.Kf1 g5 17.hxg4 gxf4 18.g5 h5 19.Qf2 Bc5 20.Qd2 Be3 21.Qc3 Bg4 22.e6 O-O-O
23.exf7 Bxf3 24.gxf3 Bd4 25.Qe1 Qc5 26.Rd1 Qxg5 27.Qh4 Qe5 28.Bc4 b5 29.Qh3+ Kc7
30.Be6 Be3 31.Kg2 Qc3 32.Qf5 Qg7+  0-1

[Event "Saint Louis Thanksgiving Open 2013"]
[Site "Saint Louis USA"]
[Date "2013.12.01"]
[Round "5.1"]
[White "Priyadharshan,K"]
[Black "Recuero Guerra,D"]
[Result "1/2-1/2"]
[WhiteElo "2402"]
[BlackElo "2440"]

1.e4 c5 2.Nf3 Nc6 3.Bb5 e6 4.O-O Nge7 5.d4 cxd4 6.Nxd4 Ng6 7.Nxc6 bxc6 8.Be2 Bc5
9.c4 O-O 10.Nc3 e5 11.Be3 Bxe3 12.fxe3 d6 13.Qd2 Be6 14.Rad1 Qg5 15.Rf3 Rad8
16.b3 Rd7 17.Qe1 h5 18.Qg3 Qd8 19.h3 h4 20.Qe1 Qg5 21.Qf2 Ne7 22.Kh2 g6 23.g3 hxg3+
24.Rxg3 Qh4 25.Rf1 Kg7 26.Bg4 Bxg4 27.Rxg4 Qxf2+ 28.Rxf2 a5  1/2-1/2

[Event "9th Ugra Governor's Cup B"]
[Site "Khanty-Mansiysk RUS"]
[Date "2013.12.02"]
[Round "5"]
[White "Chekletsov,Egor"]
[Black "Mezhevov,Valentin"]
[Result "1/2-1/2"]
[WhiteElo "1788"]
[BlackElo "1988"]

1.e4 c5 2.Nf3 Nc6 3.Bb5 e6 4.O-O Nge7 5.c3 a6 6.Bxc6 Nxc6 7.d4 d5 8.e5 Be7
9.a3 c4 10.Nbd2 Bd7 11.Re1 O-O 12.Nf1 f5 13.exf6 Bxf6 14.Ng3 Qe8 15.Bg5 Qg6
16.Bxf6 Qxf6 17.Qe2 Rae8 18.Rad1 Re7 19.Ne5 Be8 20.f3 h5 21.Nf1 Bg6 22.Nd2 Bh7
23.b4 Qg5 24.Nxc6 bxc6 25.Qe5 Qxe5 26.Rxe5  1/2-1/2

[Event "9th Ugra Governor's Cup B"]
[Site "Khanty-Mansiysk RUS"]
[Date "2013.12.02"]
[Round "5"]
[White "Gorbatov,A"]
[Black "Artamonov,V"]
[Result "1-0"]
[WhiteElo "2360"]
[BlackElo "2256"]

1.e4 c5 2.Nf3 Nc6 3.Bb5 g6 4.Bxc6 dxc6 5.O-O Bg7 6.d3 Nf6 7.h3 Nd7 8.Nc3 Nf8
9.Bf4 Ne6 10.Bg3 Nd4 11.Nh2 Be6 12.Na4 Qa5 13.c3 Ne2+ 14.Qxe2 Qxa4 15.f4 Rd8
16.f5 Bc8 17.Ng4 O-O 18.Rf3 f6 19.b3 Qa5 20.c4 e5 21.Be1 Qc7 22.Bd2 Kh8 23.Raf1 Qd6
24.Bc3 Rde8 25.h4 Rg8 26.Rh3 Bf8 27.Kh1 Be7 28.Nh6 Rg7 29.Rg3 Rf8 30.Rff3 Bd8
31.Qe3 b6 32.Qc1 Qe7 33.Bd2 Re8 34.h5 gxf5 35.exf5 Qf8 36.Rxg7 Qxg7 37.Qe1 Qe7
38.Rg3 Rf8 39.Qe4 Re8 40.Qxc6  1-0

[Event "World Teams 2013"]
[Site "Antalya TUR"]
[Date "2013.12.04"]
[Round "8.2"]
[White "Naiditsch,A"]
[Black "Bu Xiangzhi"]
[Result "1/2-1/2"]
[WhiteElo "2727"]
[BlackElo "2683"]

1.e4 c5 2.Nf3 Nc6 3.Bb5 d6 4.O-O Bd7 5.Re1 Nf6 6.c3 a6 7.Bf1 Bg4 8.d4 cxd4
9.cxd4 Bxf3 10.gxf3 d5 11.Nc3 e6 12.Bg5 Be7 13.Bxf6 Bxf6 14.exd5 Nxd4 15.Re4 Nf5
16.dxe6 O-O 17.exf7+ Kh8 18.Qxd8 Raxd8 19.Rd1 Rxd1 20.Nxd1 g6 21.Ne3 Rxf7
22.Bc4 Rf8 23.b3 b5 24.Be2 Bg5 25.f4 Bh6 26.Kg2 Ng7 27.a4 Rxf4 28.Rxf4 Bxf4
29.axb5 axb5 30.Bxb5 Ne6 31.Bc4 Nd4 32.Nd5 Bd6 33.h3 Kg7 34.Nc3 Bb4 35.Ne4 h6
36.Kg3 Nf5+ 37.Kf3 Nd6 38.Ng3 Kf6 39.Bd3 Nf7 40.Ne4+ Ke5 41.Ke3 g5 42.Ng3 Nd8
43.Bc4 Nc6 44.Kf3 Be1 45.Kg2 Nd4 46.Nf1 h5 47.Ne3 Bd2 48.Nf1 Be1 49.Nh2 Kf4
50.Bf7 g4 51.Bxh5 gxh3+ 52.Kf1 Bb4 53.Bd1 Bd6 54.Kg1 Bc5 55.Nf1 Nf3+ 56.Bxf3 Kxf3
57.Nd2+ Kf4 58.Nf1 Kf3 59.Nd2+  1/2-1/2

[Event "ch-HUN w 2013"]
[Site "Heviz HUN"]
[Date "2013.12.04"]
[Round "2.3"]
[White "Rudolf,An"]
[Black "Gara,A"]
[Result "1/2-1/2"]
[WhiteElo "2302"]
[BlackElo "2308"]

1.e4 c5 2.Nf3 Nc6 3.Bb5 d6 4.Bxc6+ bxc6 5.O-O Bg4 6.h3 Bh5 7.d3 e5 8.Nbd2 Nf6
9.Nc4 Be7 10.Ne3 O-O 11.Nf5 c4 12.Re1 cxd3 13.Qxd3 Bg6 14.N3h4 Re8 15.Bg5 Qc7
16.Bxf6 Bxf6 17.Nxg6 hxg6 18.Qxd6 Qb6 19.Ne3 Be7 20.Qd3 Qxb2 21.Qc4 Rac8
22.Rab1 Qd4 23.Red1 Qxc4 24.Nxc4 Bc5 25.Rd7 Rcd8 26.Nxe5 Rxd7 27.Nxd7 Bd6
28.Rd1 Bc7 29.Re1 Re7 30.Nc5 f5 31.Kf1 Bb6 32.Na4 Ba5 33.Re2 Rb7 34.g3 Rb4
35.Nc5 Bb6 36.Nd3 Ra4 37.e5 Kf7 38.h4 Rxa2 39.e6+ Ke7 40.Nb4 Ra1+ 41.Kg2 Ra4
42.Nxc6+ Ke8 43.Kf3 Rc4 44.Ne5 Rc3+ 45.Kg2 a5 46.Nxg6 a4 47.Re5 Rc5 48.Re3 Rxc2
49.Ra3 Rxf2+ 50.Kh3 Re2 51.e7 Bc5 52.Rxa4 Bxe7  1/2-1/2